00000000nam##2200000za#4500
0019.577478
003CaOODSP
00520210624185629
007cr |||||||||||
008150406|2007||||xxc|||||o    f|0| 0 eng|d
040 |aCaOODSP|beng
043 |an-cn---
0861 |aFs97-13/1200E-PDF
1101 |aCanada. |bDepartment of Fisheries and Oceans.
24510|aCoastal Temperature Monitoring Program for 2005 and 2006, Southern Gulf of St. Lawrence / |h[electronic resource]|cby Gilles Paulin and Denis Gagnon.
260 |aMoncton - New Brunswick : |bFisheries and Oceans Canada |c2007.
300 |a264p.|bfigs., references, tables
4901 |aCanadian data report of fisheries and aquatic sciences|vNo. 1200
500 |aOn t.p.: Oceans & Science Branch, Gulf Region, Moncton, New Brunswick. The catalogue number and ISSN for the print edition appear in the PDF version.
546 |a(Résumé en français)
590 |a13-23-Supp|b2013-10-08
7201 |aPaulin, Gilles
7201 |aGagnon, Denis
830#0|aCanadian data report of fisheries and aquatic sciences ;|vNo. 1200|w(CaOODSP)9.505124
85640|ahttp://publications.gc.ca|qPDF|s1537 KB|uhttps://publications.gc.ca/collections/collection_2013/mpo-dfo/Fs97-13-1200-eng.pdf|yNo. 1200